000
00202 a2200097 4500
001
13989
100
_a
Marlowe C
245
_a
Edward the second
260
_a
London
_b
Methmen
_c
090
_c
10951
_d
10951
942
_a
NUST-CAE
_c
M
_c
1060
999
_c
249062
_d
249062